000
00321nam a22001457a 4500
003
SGT
082
_a
618
_b
SHA
100
_a
SHALU
245
_a
A CLINICAL AUNIT OF RESPECTFUL MATERNITY CARE PROVIDED
260
_a
GURUGRAM
_b
SGT UNIVERSITY
_c
2023
300
_a
202
650
_a
FONS
653
_a
PHD
942
_2
ddc
_c
TH
999
_c
26897
_d
26897